000 01034cam a22002051 4500
001 000000981
005 20241009115416.0
008 800925s1954 cl a 000 0 spa
040 _aDO-SdBNP
_bspa
_cBNPHU
082 _axx
_bxx
100 1 _aScarpa, Roque Esteban,
_d1914-
_93438
245 1 3 _aEl libro en la mano /
_cRoque Esteban Scarpa ; ilustración de Jorge Swinburn ; edición de Mauricio Amster.
246 1 3 _aEl hombre perdido en el mundo, tema y raíz de la poesía contemporánea
260 _aSantiago de Chile :
_bUniversitaria,
_c1954.
300 _a135 p. ;
_c20 cm.
505 0 _aEl hombre perdido en el mundo, tema y raíz de la poesía contemporánea.--El libro en la mano: Proust y Plinio. El otono de Georg Trakl. Jules Renard, ese condenado a muerte. Un poeta muere en una isla. Lichtenberg en su sentir y pensar. La infancia mágica de Hans Carossa. La bella mascara sobre la soledad de dos mujeres.
650 0 _aLiteratura
_93439
700 1 _aSwinburn, Jorge
_eil.
_93440
700 1 _aAmster, Mauricio
_eed.
_93441
999 _c967
_d967